Normal view
MARC view
Entry Topical Term
001 - CONTROL NUMBER
- control field: 47617
003 - CONTROL NUMBER IDENTIFIER
- control field: OSt
005 - DATE AND TIME OF LATEST TRANSACTION
- control field: 20240913103055.0
008 - FIXED-LENGTH DATA ELEMENTS
- fixed length control field: 240913|| aca||aabn | a|a d
040 ## - CATALOGING SOURCE
- Original cataloging agency: OSt
- Transcribing agency: OSt
150 ## - HEADING--TOPICAL TERM
- Topical term or geographic name entry element: Antyodaya, Upliftment, Humanism, Awareness, Skill, Livelihood, DDUGKY.
670 ## - SOURCE DATA FOUND
- Source citation: Work cat.: (OSt): Singh, Mohinder 47616, Deen Dayal Upadhyaya Grameen Kaushalya Yojana: An evaluation
